Films Disney en images - Mort subite #2 - Statistiques

Statistiques générales
  • Ce quiz a été pris 4 495 fois
  • Le résultat moyen est 8 sur 10
Answers on the Grid
Answers color-coded by a green-red scale on the quiz's grid according to % correct below.
 
Statistiques - réponses
Réponse % Correct
La Reine des neiges
87%
Bambi
84%
Peter Pan
81%
Frère des ours
80%
Bernard et Bianca au pays des kangourous
76%
Les Mondes de Ralph
74%
Taram et le Chaudron magique
72%
Wish : Asha et la Bonne Étoile
71%
Hercule
69%
Les Trois Caballeros
65%
Aucun quiz correspondant
Distribution des résultats
% des personnes avec chaque résultat
Percentile par nombre de réponses
Votre historique - résultats
Vous n’avez pas pris ce quiz